Twenty One Pilots - Message Man (Lyrics) - Statistics

General Stats
  • This quiz has been taken 13 times
  • The average score is 298 of 463
Answer Stats
Answer % Correct
a
86%
I
86%
man
86%
me
86%
the
86%
you
86%
and
71%
are
71%
aren't
71%
below
71%
brain
71%
dead
71%
don't
71%
Eh
71%
eh
71%
every
71%
everyone
71%
face
71%
few
71%
for
71%
he
71%
heart
71%
hides
71%
I'm
71%
is
71%
it
71%
it's
71%
its
71%
know
71%
life
71%
loser
71%
lyrics
71%
message
71%
messing
71%
my
71%
name
71%
no
71%
on
71%
only
71%
other
71%
please
71%
run
71%
suicidal
71%
these
71%
this
71%
time
71%
to
71%
understand
71%
way
71%
when
71%
who
71%
with
71%
yeah
71%
your
71%
you're
71%
all
57%
am
57%
at
57%
become
57%
behind
57%
but
57%
comment
57%
could
57%
discretion
57%
disguise
57%
done
57%
future
57%
here
57%
hope
57%
how
57%
in
57%
I've
57%
just
57%
knows
57%
like
57%
line
57%
live
57%
mask
57%
minutes
57%
moment
57%
of
57%
people
57%
poetry
57%
rhyme
57%
session
57%
so
57%
taking
57%
than
57%
they
57%
three
57%
times
57%
today
57%
understand
57%
up
57%
use
57%
wanted
57%
what
57%
words
57%
worse
57%
wrote
57%
better
43%
by
43%
'cause
43%
comments
43%
common
43%
confided
43%
denial
43%
divided
43%
episode
43%
from
43%
guy
43%
impressed
43%
kind
43%
morning
43%
motivation
43%
next
43%
obsessing
43%
others
43%
present
43%
promote
43%
questions
43%
release
43%
remember
43%
show's
43%
singing
43%
sleep
43%
takes
43%
that
43%
tried
43%
triplets
43%
we're
43%
why
43%
will
43%
always
29%
far
29%
flip
29%
gets
29%
going
29%
losers
29%
music
29%
night
29%
obsessing
29%
rip
29%
together
29%
even
14%
finally
14%
head
14%
keep
14%
rears
14%
though
14%
No matching quizzes found
Score Distribution
Percent of People with Each Score
Percentile by Number Answered
Your Score History
You have not taken this quiz